Score 0/60 Timer 06:00
0 Plays Today
Continent Country % Correct
North AmericaUnited States
93.1%
AsiaChina
92.8%
EuropeFrance
92.2%
AsiaIndia
91.9%
North AmericaCanada
91.7%
AfricaSouth Africa
90.3%
EuropeGermany
89.9%
OceaniaAustralia
89.4%
North AmericaMexico
88.5%
EuropeSpain
88.2%
South AmericaBrazil
87.1%
OceaniaNew Zealand
86.7%
EuropePoland
84.6%
AsiaPakistan
84.3%
EuropeItaly
83.8%
South AmericaArgentina
83.7%
AfricaEgypt
82%
AfricaNigeria
81.1%
South AmericaChile
78.2%
South AmericaPeru
76.2%
North AmericaJamaica
76%
EuropeIreland
74.7%
South AmericaColombia
74.3%
EuropePortugal
72.7%
AfricaKenya
71.9%
OceaniaFiji
69.5%
AsiaTurkey
68.6%
EuropeTurkey
68.6%
South AmericaVenezuela
68.6%
South AmericaUruguay
68.6%
Continent Country % Correct
AsiaIran
67.1%
AsiaIraq
65.8%
South AmericaBolivia
65.3%
South AmericaEcuador
63.8%
AsiaBangladesh
63.7%
EuropeRomania
58.3%
South AmericaGuyana
57.9%
AfricaSomalia
55.7%
AfricaGhana
54.8%
OceaniaSamoa
54.5%
North AmericaBarbados
51.5%
OceaniaTonga
51.3%
AfricaZimbabwe
50.7%
OceaniaPapua New Guinea
49.9%
North AmericaTrinidad and Tobago
48.9%
AsiaPhilippines
47.9%
AfricaTanzania
47.7%
North AmericaDominica
47.6%
AsiaMalaysia
46.7%
OceaniaVanuatu
44.4%
AfricaUganda
43.8%
OceaniaNauru
43.1%
OceaniaSolomon Islands
43.1%
AsiaSri Lanka
41.5%
OceaniaKiribati
41%
North AmericaSaint Lucia
39.2%
North AmericaSaint Vincent and the Grenadines
35.3%
North AmericaGrenada
34.4%
EuropeLithuania
28.8%
AfricaMauritius
9.4%
Remove Ads.
Support Sporcle.
Get the best of Sporcle when you Go Orange. This ad-free experience offers more features, more stats, and more fun while also helping to support Sporcle. Thank you for becoming a member.

You're not logged in!

Compare scores with friends on all Sporcle quizzes.
OR
Log In

Show Comments

Extras

Top Quizzes Today


Score Distribution

Your Account Isn't Verified!

In order to create a playlist on Sporcle, you need to verify the email address you used during registration. Go to your Sporcle Settings to finish the process.

Report this User

Report this user for behavior that violates our Community Guidelines.

Details: